Les parcours en avion les plus longs - Statistiques

Statistiques générales
  • Ce quiz a été pris 203 fois
  • Le résultat moyen est 69 sur 88
Statistiques - réponses
Pays Code Départ km % Correct
Etats-Unis JFK New York
95%
Etats-Unis JFK New York
95%
Etats-Unis JFK New York
95%
Etats-Unis JFK New York
95%
Etats-Unis JFK New York
95%
Etats-Unis JFK New York
95%
France CDG Paris
94%
France CDG Paris
94%
Singapour SIN Singapour 16129
93%
Singapour SIN Singapour
93%
Singapour SIN Singapour
93%
Singapour SIN Singapour
93%
Etats-Unis LAX Los Angeles
91%
Etats-Unis LAX Los Angeles
91%
Etats-Unis LAX Los Angeles
91%
Etats-Unis LAX Los Angeles
91%
Etats-Unis LAX Los Angeles
91%
Etats-Unis LAX Los Angeles
91%
Etats-Unis LAX Los Angeles
91%
Etats-Unis LAX Los Angeles
91%
Etats-Unis LAX Los Angeles
91%
Australie SYD Sydney
90%
Australie SYD Sydney
90%
Australie SYD Sydney
90%
Australie SYD Sydney
90%
Australie SYD Sydney
90%
Australie SYD Sydney
90%
Australie SYD Sydney
90%
Emirats Arabes Unis DXB Dubaï
89%
Emirats Arabes Unis DXB Dubaï
89%
Emirats Arabes Unis DXB Dubaï
89%
Emirats Arabes Unis DXE Dubaï
89%
Emirats Arabes Unis DXB Dubaï
89%
Emirats Arabes Unis DXB Dubaï
89%
Chine HKG Hong-Kong
88%
Chine HKG Hong-Kong
88%
Chine HKG Hong-Kong
88%
Chine HKG Hong-Kong
88%
Chine HKG Hong-Kong
88%
Chine HKG Hong-Kong
88%
Qatar DOH Doha
85%
Qatar DOH Doha
85%
Qatar DOH Doha
85%
Etats-Unis SFO San Francisco
81%
Etats-Unis SFO San Francisco
81%
Etats-Unis SFO San Francisco
81%
Etats-Unis SFO San Francisco
81%
Thaïlande BKK Bangkok
80%
Thaïlande BKK Bangkok
80%
Inde DEL Delhi
80%
Royaume-Uni LHR Londres
80%
Australie MEL Melbourne
80%
Afrique-du-Sud JNB Johannesburg
79%
Afrique-du-Sud JNB Johannesburg
79%
Afrique-du-Sud JNB Johannesburg
79%
Etats-Unis ATL Atlanta
75%
Etats-Unis ATL Atlanta
75%
Nouvelle-Zélande AKL Auckland
74%
Australie AKL Auckland
74%
Inde BOM Bombay
74%
Philippines MNL Manille
72%
Philippines MNL Manille
72%
Canada YYZ Toronto
72%
Canada YYZ Toronto
72%
Australie PER Perth
69%
Chili SCL Santiago
69%
Etats-Unis IAD Washington
68%
Emirats Arabes Unis AUH Abou Dabi
67%
Emirats Arabes Unis AUH Abou Dabi
67%
Emirats Arabes Unis AUH Abou Dabi
67%
Emirats Arabes Unis AUH Abou Dabi
67%
Etats-Unis ORD Chicago
62%
Canada YVR Vancouver
60%
Etats-Unis DFW Dallas
57%
Etats-Unis DFW Dallas
57%
Etats-Unis DFW Dallas
57%
Etats-Unis DFW Dallas
57%
Etats-Unis DFW Dallas
57%
Etats-Unis DFW Dallas
57%
Etats-Unis IAH Houston
53%
Etats-Unis IAH Houston
53%
Etats-Unis IAH Houston
53%
Australie BNE Brisbane
50%
France PPT Papeete 15715
49%
Chine CAN Canton
48%
Arabie Saoudite JED Djeddah
42%
Etats-Unis EWR Newark
37%
Etats-Unis EWR Newark
37%
Aucun quiz correspondant
Distribution des résultats
% des personnes avec chaque résultat
Percentile par nombre de réponses
Votre historique - résultats
Vous n’avez pas pris ce quiz